| 000 | 00474nam a22001937a 4500 | ||
|---|---|---|---|
| 003 | CO-ViMGA | ||
| 005 | 20230915225018.0 | ||
| 008 | 150707b xxu||||| |||| 00| 0 eng d | ||
| 020 | _a9789588841076 | ||
| 040 |
_aCO-ViMGA _bspa _cCO-ViMGA |
||
| 090 | _bA GAY2 | ||
| 100 | 1 | _4GAY LOUISE MARIE | |
| 245 | 1 | 0 | _aBUENAS NOCHES SAMUEL |
| 250 | _aLEER ES MI CUENTO | ||
| 260 |
_aBOGOTA _bEKARE _c2013 |
||
| 300 | _a(27) PAGINAS | ||
| 650 | 1 | 4 | _2LIBRO ÁLBUM INFANTIL |
| 942 |
_2ddc _cBK |
||
| 999 |
_c9 _d9 |
||